Egipto y el próximo Oriente en la antigüedad / (Record no. 110922)

MARC details
000 -LEADER
campo de control de longitud fija 00612nam a2200181 4500
001 - NÚMERO DE CONTROL
campo de control 110922
003 - IDENTIFICADOR DE NÚMERO DE CONTROL
campo de control ES-MaACL
005 - FECHA Y HORA DE LA ÚLTIMA TRANSACCIÓN
campo de control 20230906185214.0
007 - CAMPO FIJO DE DESCRIPCIÓN FÍSICA--INFORMACIÓN GENERAL
campo de control de longitud fija t|
008 - DATOS DE LONGITUD FIJA--INFORMACIÓN GENERAL
campo de control de longitud fija 061121s1966 sp r ||||1| spa d
100 1# - ENTRADA PRINCIPAL--NOMBRE DE PERSONA
Nombre de persona Nack, Emil.
9 (RLIN) 84785
245 10 - MENCIÓN DEL TÍTULO
Título Egipto y el próximo Oriente en la antigüedad /
Mención de responsabilidad, etc. Emil Nack [ traducción por Francisco Payarols ; revisión por Carmen Picart.
260 ## - PUBLICACIÓN, DISTRIBUCIÓN, ETC.
Lugar de publicación, distribución, etc. Barcelona [etc.] :
Nombre del editor, distribuidor, etc. Labor,
Fecha de publicación, distribución, etc. 1966.
300 ## - DESCRIPCIÓN FÍSICA
Extensión XII, 443 p. lám. I-XLVI :
Otras características físicas il ;
Dimensiones 22 cm.
700 1# - ENTRADA AGREGADA--NOMBRE PERSONAL
Nombre de persona Payarols, Francisco.
9 (RLIN) 89715
700 1# - ENTRADA AGREGADA--NOMBRE PERSONAL
Nombre de persona Picart, Carmen.
9 (RLIN) 91788
852 ## - LOCALIZACIÓN
Ubicación ES-MaACL
Número de control de estantería C-29254
Sublocalización o colección R.59791
Holdings
Estatus retirado Estado de pérdida Estado de daño No para préstamo Biblioteca de origen Biblioteca actual Ubicación en estantería Fecha de adquisición Fuente de adquisición Total de préstamos Signatura topográfica completa Código de barras Visto por última vez Precio de reemplazo Tipo de ítem Koha
        Biblioteca del Ateneo de Madrid Biblioteca del Ateneo de Madrid Depósito 2 17/01/2008     C-29254 1115734 23/02/2023 23/02/2023 Libro impreso